[Event "IND-chT (Women) 16th"]
[Site "Bhubaneswar"]
[Date "2018.02.10"]
[Round "3.2"]
[White "Bhakti, Kulkarni"]
[Black "Sharma, Deepanshi"]
[Result "1-0"]
[WhiteElo "2290"]
[BlackElo "1222"]
[PlyCount "49"]
[EventDate "2018.02.08"]
[EventType "team-swiss"]
[EventRounds "7"]
[EventCountry "IND"]
[SourceTitle "CBM 182 Extra"]
[Source "ChessBase"]
[SourceDate "2018.02.23"]
[SourceVersion "1"]
[SourceVersionDate "2018.02.23"]
[SourceQuality "1"]
[WhiteTeam "Air India (W)"]
[BlackTeam "Punjab (W)"]
[WhiteTeamCountry "IND"]
[BlackTeamCountry "IND"]

1. d4 d5 2. c4 c6 3. Nf3 Nf6 4. e3 g6 5. Nc3 Bg7 6. h3 Nbd7 7. cxd5 cxd5 8. Bd3 Nb6 9. a4 Bd7 10. Ne5 Rc8 11. Qb3 Bc6 12. Bd2 Nbd7 13. f4 Nxe5 14. fxe5 Ne4 15. Nxe4 dxe4 16. Bc4 e6 17. 0-0 Bd5 18. Bb5+ Bc6 19. Bb4 Qd5 20. Bc4 Qd8 21. Bxe6 Bf8 22. Bxf7+ Kd7 23. Be6+ Kc7 24. Rxf8 Rxf8 25. Bd6+ 1-0